| 000 | 00568nam a2200181Ia 4500 | ||
|---|---|---|---|
| 005 | 20250508155655.0 | ||
| 008 | 008 250505s9999 xx 000 0 eng d | ||
| 037 | _aBooks to be hide in OPAC | ||
| 040 |
_aFEDL _beng _cFEDL |
||
| 041 |
_aeng _2eng |
||
| 084 |
_a331.137, IND/O _qFEDL |
||
| 245 | 0 | _aReport of the committee of experts on unemployment estimates | |
| 245 | 0 | _cINDIA, GOVERNMENT OF. PLANNING COMMISSION | |
| 260 |
_aIndia _bPlanning Commission _c1970 |
||
| 300 | _axi,203p | ||
| 942 |
_cHB _h331.137, IND/O |
||
| 999 |
_c1358719 _d1358719 |
||